[Event "Tatry Open 2018"]
[Site "Tatranska Lomnica"]
[Date "2018.10.06"]
[Round "8"]
[White "Mrva, Martin"]
[Black "Krnan, Tomas"]
[Result "1-0"]
[WhiteElo "2430"]
[BlackElo "2430"]
[Annotator "TA"]
[PlyCount "75"]
[EventDate "2018.09.30"]
[EventType "swiss"]
[EventCountry "SVK"]
[SourceTitle "playchess.com"]
[Source "ChessBase"]
[SourceQuality "1"]

{[%evp 16,75,31,22,13,22,24,18,34,25,25,24,36,47,66,41,61,18,31,30,28,18,13,1,54,17,25,-71,-23,-29,0,0,0,-4,98,108,94,104,366,279,285,270,369,314,550,533,870,865,826,755,701,633,6319,6612,2429,2349,6387,5614,29981,29982,1959,1561]} 1. Nf3 Nf6 2. c4 g6 3. Nc3 Bg7 4. e4 d6 5. d4 O-O 6. Be2 e5 7. d5 a5 8. Be3 Na6 9. Nd2 Nd7 {E92: King's Indian: Classical: 6 Be2 e5: 7 dxe5, 7 Be3 and Petrosian System without 7...Nbd7} 10. O-O (10. g4 Ndc5 11. h4 Bd7 12. Nf1 c6 13. Ng3 a4 14. h5 Qa5 15. Qd2 a3 16. hxg6 fxg6 17. b3 {0-1 (55) Saric,S (2448)-Kozul,Z (2591) Mali Losinj 2016}) 10... f5 11. f3 f4 {The position is equal.} 12. Bf2 g5 13. a3 Rf6 $146 ({Predecessor:} 13... c5 14. dxc6 bxc6 15. b4 c5 16. Nb3 axb4 17. axb4 {1-0 (31) Qiao,L (2348)-Lu,Y (2283) Jiangsu Wuxi 2008}) 14. b4 Rh6 15. Re1 Qe8 16. Nf1 (16. c5 $5) 16... Nf6 17. c5 Bf8 18. cxd6 Bxd6 19. Nb5 $36 {[%mdl 2048] White has good play.} g4 ({Black should try} 19... Bf8 $11) 20. Nxd6 cxd6 21. g3 ({Reject} 21. bxa5 g3 $15) (21. fxg4 $11 Nxe4 22. Bd4) 21... gxf3 22. Bxf3 Rg6 23. Kh1 Ng4 24. Bg1 a4 (24... axb4 $11 {remains equal.} 25. axb4 Bd7) 25. Ra2 $16 {[%cal Ba1a2,Ba2g2,Bg2h2,Bh2h5][%mdl 32]} Bd7 26. Rg2 {Black must now prevent gxf4.} h5 $2 {[%mdl 8192]} (26... fxg3 $16 27. Nxg3 Nf6) 27. h3 Nf6 {[#]} 28. gxf4 $1 exf4 29. Bd4 Bxh3 $2 (29... Rxg2 {keeps fighting.} 30. Bxg2 Qg6) 30. Rh2 $18 Bxf1 31. Bxf6 Rxf6 32. Rxf1 Rg6 33. Rxh5 Rc8 34. Qd4 {[#] Threatening mate with Qh8+.} Rg7 35. Rg1 {[%csl Gg1][%cal Rd4g7]} Qf7 36. Rhg5 {[%cal Rg5g7]} Rxg5 37. Rxg5+ Kh7 38. Rh5+ {Precision: White = 68%, Black = 44%.} 1-0

[Event "Tatry Open 2018"]
[Site "Tatranska Lomnica"]
[Date "2018.10.06"]
[Round "8"]
[White "Berezjuk, Sergej"]
[Black "Hrbek, Stepan"]
[Result "1-0"]
[WhiteElo "2427"]
[BlackElo "2026"]
[Annotator "TA"]
[PlyCount "95"]
[EventDate "2018.09.30"]
[EventType "swiss"]
[EventCountry "SVK"]
[SourceTitle "playchess.com"]
[Source "ChessBase"]
[SourceQuality "1"]

{[%evp 12,95,0,1,17,16,18,0,0,0,8,0,4,4,23,26,37,44,38,37,44,-21,11,-12,0,-52,0,-9,-4,-58,-53,-33,21,0,0,0,0,0,0,0,26,18,0,0,0,0,0,4,2,5,5,0,0,0,0,0,144,144,144,144,144,143,892,143,143,143,143,143,29978,29979,29979,29980,29981,29981,29982,29983,29983,29984,29984,29985,29985,29986,29994,29995,29995,29996]} 1. e4 c5 2. Nf3 d6 3. Bc4 Nf6 4. d3 e6 5. Bb3 Be7 6. O-O O-O {B50: Sicilian: 2...d6, Miscellaneous} 7. c3 {LiveBook: 126 Games} a6 8. Re1 Nbd7 {The position is equal.} 9. Nbd2 b5 10. Nf1 Re8 $146 ({Predecessor:} 10... Bb7 11. Ng3 Ne5 12. d4 Nxf3+ 13. Qxf3 cxd4 14. cxd4 {½-½ (41) Godena,M (2530)-Miralles,G (2486) France 2007}) 11. Ng3 Bf8 12. d4 c4 13. Bc2 $1 {aiming for e5.} e5 14. b3 Qc7 15. bxc4 bxc4 16. Nh4 ({Better is} 16. Ba4 $14) 16... Bb7 17. Nhf5 d5 18. exd5 (18. dxe5 $11 Nxe5 19. Bf4) 18... Bxd5 (18... exd4 $15 19. Rxe8 Rxe8 20. Nxd4 Bc5) 19. dxe5 Rxe5 20. Be3 (20. Bg5 $11) 20... Rae8 $1 $15 21. Qd2 Ne4 (21... g6 $15 22. Nd4 Ng4) 22. Bxe4 Bxe4 23. Bd4 Bxf5 24. Nxf5 Rxe1+ 25. Rxe1 Qf4 26. Ne3 Ne5 27. Bxe5 Rxe5 28. g3 Qe4 29. Qd4 Bc5 30. Qxe4 Rxe4 31. Kf1 Bxe3 $1 32. Rxe3 Rxe3 33. fxe3 $11 {[%cal Bf2e3,Be3e4][%mdl 4128] Endgame KP-KP} f5 (33... g6 $1 $11 {remains equal.}) 34. Ke2 $16 Kf7 {[#]} 35. e4 $1 Kf6 {[#]} 36. Ke3 $1 g5 $2 {[%mdl 8192]} (36... h5 $16) 37. h3 $2 (37. exf5 $18 {and the rest is easy. Hoping for Ke4.} Kxf5 38. Kd4) 37... h5 38. exf5 Kxf5 39. Kd4 h4 $2 {[%mdl 8192]} (39... a5 $16 40. a4 (40. Kxc4 g4 $11) 40... h4 41. gxh4 gxh4) 40. gxh4 {White mates.} gxh4 41. Kxc4 {K3P-KPP} Kf4 42. Kd4 Kg3 43. Ke3 Kxh3 44. Kf3 Kh2 45. c4 {[%cal Bc3c4,Bc4c5,Bc5c6][%mdl 32]} a5 46. c5 h3 47. Kf2 Kh1 48. c6 {Precision: White = 49%, Black = 33%.} 1-0

[Event "Tatry Open 2018"]
[Site "Tatranska Lomnica"]
[Date "2018.10.06"]
[Round "8"]
[White "Jablonicky, Martin"]
[Black "Chlpik, Martin"]
[Result "1-0"]
[WhiteElo "2346"]
[BlackElo "2119"]
[Annotator "NA"]
[PlyCount "51"]
[EventDate "2018.09.30"]
[EventType "swiss"]
[EventCountry "SVK"]
[SourceTitle "playchess.com"]
[Source "ChessBase"]
[SourceQuality "1"]
[TimeControl "40/5400+30:1800+30"]

1. d4 {[%emt 0:00:00]} Nf6 {[%emt 0:09:40]} 2. c4 {[%emt 0:00:00]} c5 {[%emt 0:00:03]} 3. d5 {[%emt 0:00:00]} e6 {[%emt 0:00:45]} 4. Nc3 {[%emt 0:00:20]} exd5 {[%emt 0:00:29]} 5. cxd5 {[%emt 0:00:04]} d6 {[%emt 0:00:05]} 6. e4 {[%emt 0:00:05]} g6 {[%emt 0:00:02]} 7. f4 {[%emt 0:00:05]} Bg7 {[%emt 0:00:03]} 8. Bb5+ {[%emt 0:00:04]} Nfd7 {[%emt 0:00:05]} 9. Be2 {[%emt 0:00:06]} O-O {[%emt 0:01:22]} 10. Nf3 {[%emt 0:00:01]} Na6 {[%emt 0:07:06]} 11. O-O {[%emt 0:00:34]} Nc7 {[%emt 0:05:49]} 12. f5 {[%emt 0:02:26] A67: Modern Benoni: Taimanov Variation} (12. a4 a6 13. Kh1 Rb8 14. f5 b5 15. Bg5 Qe8 16. e5 Nxe5 17. f6 Bh8 18. Qd2 Ng4 19. axb5 axb5 20. Bd3 Nxf6 {0-1 (44) Ivanisevic,I (2662)-Donchenko,A (2567) Biel 2015}) 12... Rb8 $146 {[%emt 0:03:24]} ({Predecessor:} 12... gxf5 13. exf5 Ne5 14. Ng5 f6 15. Ne6 Bxe6 16. fxe6 f5 17. Bd3 Ng4 18. Bxf5 Bd4+ 19. Kh1 Qh4 20. Bxg4 Rxf1+ 21. Qxf1 Qxg4 {1-0 (28) Tikkanen,H (2437)-Hedman,E (2363) Vaxjo 2008}) 13. Bf4 {[%emt 0:02:15]} Qe7 {[%emt 0:00:49]} 14. Qe1 {[%emt 0:06:36]} b5 {[%emt 0:05:11]} 15. Qg3 {[%emt 0:00:15]} Rb6 {[%emt 0:00:03]} 16. a4 {[%emt 0:05:38]} Bxc3 {[%emt 0:00:36]} 17. bxc3 {[%emt 0:00:01]} Qxe4 {[%emt 0:00:17]} 18. Bxd6 {[%emt 0:01:24]} Nxd5 {[%emt 0:03:13]} 19. Bxf8 {[%emt 0:00:12]} Nxc3 {[%emt 0:00:07]} 20. Bxb5 $18 {[%emt 0:05:45]} Rxb5 {[%emt 0:21:01]} 21. Rae1 {[%emt 0:00:13]} Ne2+ {[%emt 0:02:39]} 22. Rxe2 {[%emt 0:00:04]} Qxe2 {[%emt 0:00:08]} 23. Bh6 {[%emt 0:00:28]} Qxf1+ {[%emt 0:03:58]} 24. Kxf1 {[%emt 0:00:09]} Rb1+ {[%emt 0:00:05]} 25. Ne1 {[%emt 0:00:17]} Nf6 {[%emt 0:00:32]} 26. Qd3 {[%emt 0:00:24]} 1-0

[Event "Tatry Open 2018"]
[Site "Tatranska Lomnica"]
[Date "2018.10.06"]
[Round "8"]
[White "Vyskocil, Neklan"]
[Black "Splichal, Stanislav"]
[Result "1/2-1/2"]
[WhiteElo "2315"]
[BlackElo "2154"]
[Annotator "TA"]
[PlyCount "118"]
[EventDate "2018.09.30"]
[EventType "swiss"]
[EventCountry "SVK"]
[SourceTitle "playchess.com"]
[Source "ChessBase"]
[SourceQuality "1"]

{[%evp 32,118,50,45,56,19,46,47,58,44,37,38,116,104,112,123,125,111,97,71,55,7,5,5,5,4,61,61,61,61,66,66,68,62,56,30,81,88,161,164,190,142,204,158,160,0,192,164,182,131,175,159,198,204,162,149,288,284,462,439,398,380,373,368,627,608,612,612,733,735,671,627,713,48,72,-46,-56,-180,-180,-118,-167,-399,-394,-587,-568,-562,-545,-512,-481]} 1. e4 c6 2. d4 d5 3. Nd2 {[%cal Bb1d2,Bd2e4,Be4g5][%mdl 32]} dxe4 4. Nxe4 Nd7 5. Ng5 Ngf6 6. Bd3 e6 7. N1f3 Bd6 8. Qe2 h6 9. Ne4 Nxe4 10. Qxe4 Nf6 11. Qe2 Qc7 12. Bd2 b6 13. O-O-O {[%cal Be1c1,Bc1b1,Bb1a1][%mdl 32]} Bb7 14. Kb1 O-O-O 15. c4 {B17: Caro-Kann: Modern Line (4...Nd7)} c5 (15... Rhe8 16. c5 bxc5 17. Rc1 Bf8 18. dxc5 e5 19. Bf5+ Kb8 20. g3 g6 21. Bc2 Nd5 22. Qe1 Qe7 {½-½ (71) Sulskis,S (2518)-Kovalenko,I (2684) Parnu 2016}) 16. Bc3 Kb8 17. Rhe1 {LiveBook: 13 Games. White is slightly better.} Ka8 18. Ka1 Rhe8 19. g3 Rc8 $146 ({Predecessor:} 19... Bc6 20. dxc5 bxc5 21. Ne5 Bb7 22. f4 Rg8 {1-0 (41) Vyskocil,N (2323)-Majer,J (2090) Brno 2016}) 20. a3 Red8 21. dxc5 bxc5 (21... Bxc5 $14 22. b4 Bd6) 22. Ne5 Bxe5 23. Bxe5 Qc6 24. Ka2 Qf3 25. Qxf3 Bxf3 26. Bxf6 (26. Rd2 {is more complex.} Kb7 27. Kb3 a5 28. Kc2 Kb6 29. h3) 26... gxf6 27. Be4+ Bxe4 28. Rxd8 Bb1+ (28... Rxd8 $11 29. Rxe4 Rd2) 29. Kxb1 $14 Rxd8 {[%mdl 4096] Endgame KR-KR} 30. Kc2 Rd4 31. Kc3 Kb7 32. b4 Kc6 33. a4 h5 (33... Rd8 $11 {remains equal.}) 34. a5 $16 e5 (34... Kd6 $16) 35. b5+ $18 Kb7 36. f3 Kc7 (36... a6 $16) 37. Re2 Kb7 38. Re1 Kc7 39. Re3 Kb7 40. Re4 (40. h4 $18) 40... Kc7 41. Re1 Kb7 {[#]} 42. h4 $1 Kc7 43. Re2 Rd8 (43... Kb7 $16 {is a better defense.} 44. Re3 Kc8) 44. g4 hxg4 $2 (44... Rh8 {was necessary.} 45. Rh2 Kd7) 45. fxg4 {[%cal Bf3g4,Bg4f5][%mdl 32]} Rg8 46. Re4 Kd6 47. a6 f5 $2 (47... Rh8 48. h5 f5 49. gxf5 Rxh5) 48. gxf5 Rg3+ 49. Kd2 f6 50. Re3 Rg2+ 51. Re2 Rg4 52. Rh2 $2 (52. h5 $18) 52... Rxc4 $14 53. b6 (53. h5 $16 Rb4 54. Kc3 Rxb5 55. Rd2+ Kc6 56. Rb2) 53... axb6 $15 {aiming for ...Ra4.} 54. h5 (54. Rg2 $1 $15) 54... Ra4 $19 {[#] White must now prevent ...Ra2+.} 55. h6 ({White should play} 55. Ke3 $19 Rxa6 56. h6) 55... Rxa6 $17 ({Not} 55... Ra2+ $2 56. Ke3 $18) 56. Kd3 $2 (56. Ke3 Ra8 57. h7) 56... Kd5 $19 {( -> ...Ra3+)} 57. Kc3 (57. Ke3 $142 Ra3+ 58. Kf2) 57... Ra3+ {Black is clearly winning.} 58. Kb2 Ra8 59. Rg2 Ke4 {[%mdl 32768] Precision: White = 45%, Black = 39%. . An unexpected result.} 1/2-1/2

[Event "Tatry Open 2018"]
[Site "Tatranska Lomnica"]
[Date "2018.10.06"]
[Round "8"]
[White "Ruckschloss, Karol"]
[Black "Gyerpal, Adrian"]
[Result "1-0"]
[WhiteElo "2253"]
[BlackElo "1978"]
[Annotator "TA"]
[PlyCount "71"]
[EventDate "2018.09.30"]
[EventType "swiss"]
[EventCountry "SVK"]
[SourceTitle "playchess.com"]
[Source "ChessBase"]
[SourceQuality "1"]

{[%evp 18,71,39,48,37,41,42,35,43,19,29,11,3,3,0,-25,25,7,23,18,34,35,27,29,37,30,20,21,19,14,50,46,50,57,56,57,61,70,477,462,463,449,964,964,964,964,964,961,978,970,2480,970,963,921,896,809]} 1. c4 e5 2. Nc3 d6 3. e3 Nf6 4. d4 Nbd7 5. g3 Be7 6. Bg2 c6 7. Nge2 O-O 8. O-O Nb6 9. b3 exd4 10. exd4 {LiveBook: 5 Games} d5 {A53: Old Indian Defence without Nf3} 11. c5 Nbd7 12. b4 Re8 {White is slightly better.} 13. h3 $146 ({Predecessor:} 13. b5 Nf8 14. bxc6 bxc6 15. Qa4 Bd7 16. Nf4 Qc8 17. f3 Ng6 18. Rf2 {0-1 (46) Bischoff,K (2505)-Lobron,E (2555) Germany 1989}) 13... Nf8 14. Be3 Ng6 15. b5 Be6 16. a4 a5 17. Rb1 Qc8 18. Kh2 Bd8 19. Qd2 Bc7 20. Nf4 Nxf4 21. Bxf4 Bxf4 22. Qxf4 Bf5 23. Rb2 Ne4 (23... Bg6 {is more complex.} 24. Rd1 h6 25. Rdd2 Nh5 26. Qf3 Nf6) 24. Nxe4 Bxe4 25. Re1 {[%cal Rg2e4]} Bxg2 26. Rxe8+ Qxe8 27. Kxg2 $14 {[%mdl 4096] Endgame KQR-KQR} Qd7 $2 {[%mdl 8192] [#]} ({Black should try} 27... h6 $14) 28. bxc6 $18 {White is clearly winning.} Qxc6 29. Rb6 Qxa4 (29... Qe8 $142 30. Rxb7 h6) 30. c6 Qxc6 31. Rxc6 bxc6 {KQ-KR} 32. Qc7 h6 33. Qxc6 Ra7 34. Qb6 {[#] And now Qb8+ would win.} Ra8 35. Qb7 Rd8 36. Qa7 {Precision: White = 59%, Black = 43%.} 1-0

[Event "Tatry Open 2018"]
[Site "Tatranska Lomnica"]
[Date "2018.10.06"]
[Round "8"]
[White "Privara, Igor"]
[Black "Lukac, Roman"]
[Result "1-0"]
[WhiteElo "2217"]
[BlackElo "2080"]
[Annotator "TA"]
[PlyCount "39"]
[EventDate "2018.09.30"]
[EventType "swiss"]
[EventCountry "SVK"]
[SourceTitle "playchess.com"]
[Source "ChessBase"]
[SourceQuality "1"]

{[%evp 16,39,58,39,119,133,126,113,220,175,187,180,179,173,184,176,200,197,201,189,268,225,331,265,309,302]} 1. e4 e5 2. Nf3 Nc6 3. Nc3 Nf6 4. Bb5 d6 5. d4 exd4 6. Nxd4 Bd7 7. O-O Be7 8. Nxc6 bxc6 9. Bd3 {LiveBook: 4 Games. C66: Ruy Lopez: Steinitz Defence} (9. Be2 O-O 10. f4 Re8 11. Bf3 Bf8 12. Re1 g6 13. Be3 Bg7 14. h3 h6 15. Qd2 Nh7 16. Rf1 c5 {½-½ (26) Roubaud,D (2555)-De Oliveira,J (2575) GER email 2016}) 9... d5 {[#]} ({Black should play} 9... O-O $14) 10. e5 $1 $16 {[%cal Re5f6]} Ng4 11. Qe2 {White is better.} Bb4 $146 {[#]} (11... Rb8 $16 {might work better.}) ({Predecessor:} 11... Bc5 12. h3 Nh6 13. Qh5 Ng8 14. Na4 g6 15. Qe2 Bf8 16. Be3 Nh6 {1-0 (60) Libiszewski,F (2263)-Tiero,F Lyon 1999}) 12. e6 $1 {[%mdl 512]} Bxe6 {[#]} 13. Bf5 $1 {[%cal Rf5e6]} Nf6 14. Bxe6 fxe6 15. Qxe6+ Be7 16. Qxc6+ Kf7 17. Rd1 $36 {[%mdl 2048] White has strong initiative.} ({But not} 17. Re1 Qd6 $16) 17... Re8 (17... Qd6 {was necessary.} 18. Qxd6 Bxd6 19. Nxd5 Rad8) 18. Nxd5 {Threatens to win with Qc4.} Bd6 (18... Qd6 $142 19. Qxd6 Bxd6) 19. Bf4 Re6 20. Nxf6 {Precision: White = 82%, Black = 19%.} 1-0

[Event "Tatry Open 2018"]
[Site "Tatranska Lomnica"]
[Date "2018.10.06"]
[Round "8"]
[White "Parligras, Cosmin"]
[Black "Zylka, Stanislaw"]
[Result "1/2-1/2"]
[WhiteElo "2203"]
[BlackElo "2327"]
[Annotator "NA"]
[PlyCount "46"]
[EventDate "2018.09.30"]
[EventType "swiss"]
[EventCountry "SVK"]
[SourceTitle "playchess.com"]
[Source "ChessBase"]
[SourceQuality "1"]
[TimeControl "40/5400+30:1800+30"]

1. e4 {[%emt 0:03:49]} c5 {[%emt 0:00:00]} 2. c3 {[%emt 0:00:05]} d5 {[%emt 0:00:00]} 3. exd5 {[%emt 0:00:04]} Qxd5 {[%emt 0:00:02]} 4. d4 {[%emt 0:00:06]} Nf6 {[%emt 0:00:13]} 5. Nf3 {[%emt 0:00:12]} e6 {[%emt 0:00:10]} 6. Na3 {[%emt 0:00:56]} Nc6 {[%emt 0:00:23]} 7. Nb5 {[%emt 0:01:21]} Qd8 {[%emt 0:02:42]} 8. dxc5 {[%emt 0:00:08]} Bxc5 {[%emt 0:01:01]} 9. Qxd8+ {[%emt 0:00:06]} Kxd8 {[%emt 0:00:11]} 10. Bf4 {[%emt 0:00:20]} Nd5 {[%emt 0:00:56]} 11. Rd1 {[%emt 0:01:06] B22: Sizilianisch (Alapin 2.c3)} (11. Bg3 Ke7 12. Bc4 a6 13. Nbd4 Nxd4 14. Nxd4 Bxd4 15. cxd4 Bd7 16. Bxd5 exd5 17. Kd2 Rac8 18. Rac1 Rxc1 19. Rxc1 {½-½ (30) Ni,H (2637)-Nguyen,N (2662) Ho Chi Minh City 2012}) 11... Ke7 {[%emt 0:00:29]} 12. Bg3 {[%emt 0:00:08]} a6 {[%emt 0:00:43]} 13. Nbd4 {[%emt 0:00:08]} Nxd4 {[%emt 0:02:00]} 14. Nxd4 {[%emt 0:00:06]} Rd8 {[%emt 0:04:32]} 15. Be2 {[%emt 0:09:18]} Nb6 $146 {[%emt 0:15:32]} ({Vorgänger:} 15... a5) 16. Nb3 {[%emt 0:04:56]} Rxd1+ {[%emt 0:00:31]} 17. Kxd1 {[%emt 0:00:09]} Bd6 {[%emt 0:00:21]} 18. Bxd6+ {[%emt 0:00:32]} Kxd6 {[%emt 0:00:08]} 19. Kc1 $11 {[%emt 0:09:55]} Kc7 {[%emt 0:11:20]} 20. Nc5 {[%emt 0:02:29]} Bd7 {[%emt 0:03:53]} 21. Nxd7 {[%emt 0:02:35]} Nxd7 {[%emt 0:00:11]} 22. Rd1 {[%emt 0:01:06]} Ne5 {[%emt 0:00:24]} 23. Kc2 {[%emt 0:00:31]} Rd8 {[%emt 0:01:36]} 1/2-1/2

[Event "Tatry Open 2018"]
[Site "Tatranska Lomnica"]
[Date "2018.10.06"]
[Round "8"]
[White "Zatko, Gregor"]
[Black "Malik, Jan"]
[Result "0-1"]
[WhiteElo "2194"]
[BlackElo "2300"]
[Annotator "NA RC"]
[PlyCount "72"]
[EventDate "2018.09.30"]
[EventType "swiss"]
[EventCountry "SVK"]
[SourceTitle "playchess.com"]
[Source "ChessBase"]
[SourceQuality "1"]
[TimeControl "40/5400+30:1800+30"]

1. d4 {[%emt 0:00:00]} d5 {[%emt 0:00:00]} 2. Bf4 {[%emt 0:00:00]} Nf6 {[%emt 0:00:00]} 3. e3 {[%emt 0:00:00]} c5 {[%emt 0:00:09]} 4. c3 {[%emt 0:00:00]} Nc6 {[%emt 0:00:17]} 5. Nd2 {[%emt 0:00:00]} Bg4 {[%emt 0:02:05]} 6. f3 {[%emt 0:01:47]} Bf5 {[%emt 0:01:23]} 7. g4 {[%emt 0:00:48]} Bg6 {[%emt 0:02:00]} 8. h4 {[%emt 0:02:44]} h6 {[%emt 0:01:37]} 9. Qb3 {[%emt 0:06:28]} Qb6 {[%emt 0:00:43]} 10. dxc5 {[%emt 0:03:56]} Qxb3 {[%emt 0:00:22]} 11. Nxb3 {[%emt 0:00:22]} e5 {[%emt 0:03:14]} 12. Bg3 {[%emt 0:00:40]} a5 {[%emt 0:03:35]} 13. Bb5 {[%emt 0:02:50]} a4 {[%emt 0:00:40]} 14. Nd2 {[%emt 0:01:44]} Bxc5 {[%emt 0:03:52]} 15. Bxe5 {[%emt 0:01:41]} Bxe3 {[%emt 0:00:20]} 16. Ke2 {[%emt 0:05:01]} Bc5 {[%emt 0:02:08]} 17. b4 {[%emt 0:08:57]} axb3 {[%emt 0:01:06]} 18. Nxb3 {[%emt 0:00:11]} Ba3 {[%emt 0:05:23]} 19. Re1 {[%emt 0:00:49]} O-O $17 {[%emt 0:00:31]} 20. Bxf6 {[%emt 0:06:21]} gxf6 {[%emt 0:00:20]} 21. Kf2 {[%emt 0:03:29]} Bb2 {[%emt 0:03:36]} 22. a4 {[%emt 0:00:21]} Bxc3 {[%emt 0:00:31]} 23. Rc1 {[%emt 0:00:32]} Bb2 {[%emt 0:01:29]} 24. Re1 {[%emt 0:01:18]} Ne5 {[%emt 0:03:27]} 25. Kg3 {[%emt 0:01:48]} Rfc8 {[%emt 0:02:59]} 26. Ne2 {[%emt 0:04:04]} Nd3 {[%emt 0:01:30]} 27. Rd1 {[%emt 0:01:42]} Be5+ {[%emt 0:00:48]} 28. Kg2 {[%emt 0:04:21]} Rc2 {[%emt 0:06:56]} 29. Kf1 {[%emt 0:00:58]} Nb2 {[%emt 0:04:12]} 30. Rd2 {[%emt 0:03:20]} Nc4 {[%emt 0:01:08]} 31. Rxc2 {[%emt 0:00:33]} Bxc2 {[%emt 0:00:14]} 32. Nc5 {[%emt 0:00:46]} b6 {[%emt 0:04:03]} 33. Nd7 {[%emt 0:00:38]} Bxa4 {[%emt 0:00:20]} 34. Bxc4 {[%emt 0:00:18]} Bxd7 {[%emt 0:00:11]} 35. Bxd5 {[%emt 0:00:11]} Ra5 {[%emt 0:00:24]} 36. Be4 {[%emt 0:00:26]} Bb5 {[%emt 0:00:36]} 0-1

[Event "Tatry Open 2018"]
[Site "Tatranska Lomnica"]
[Date "2018.10.06"]
[Round "8"]
[White "Macko, Michal"]
[Black "Mrva, Vladimir"]
[Result "1/2-1/2"]
[WhiteElo "2187"]
[BlackElo "2078"]
[Annotator "TA"]
[PlyCount "65"]
[EventDate "2018.09.30"]
[EventType "swiss"]
[EventCountry "SVK"]
[SourceTitle "playchess.com"]
[Source "ChessBase"]
[SourceQuality "1"]

{[%evp 17,65,11,8,10,10,13,36,40,54,52,53,51,60,36,50,37,42,48,51,43,51,35,75,37,56,56,68,68,63,71,70,72,76,52,66,67,91,0,0,0,0,0,23,-10,-9,-10,-15,-17,-2,-25]} 1. d4 Nf6 2. c4 e6 3. Nf3 b6 4. a3 Bb7 5. Nc3 d5 6. cxd5 exd5 7. Bf4 a6 8. e3 Bd6 9. Bg3 O-O {LiveBook: 11 Games} 10. Be2 {E12: Queen's Indian: Unusual White 4th moves, 4 a3, 4 Nc3 Bb7 5 a3 and 4 Nc3 Bb7} Re8 11. Qc2 $146 ({Predecessor:} 11. O-O Bxg3 12. hxg3 Nbd7 13. Qb3 Rb8 14. Rfd1 c5 15. dxc5 bxc5 16. Qa4 Qb6 17. Rd2 c4 {1-0 (49) Sharavdorj,D (2385)-Adianto,U (2610) Yangon 1998}) 11... Nc6 12. Bh4 {Strongly threatening Nxd5!White is slightly better.} Be7 13. Rc1 Ne4 14. Bxe7 Rxe7 15. Nxe4 dxe4 16. Nd2 Na7 17. O-O Qd7 18. Nc4 f6 19. Rfd1 Bd5 20. h3 Qe8 21. Nd2 a5 22. Bc4 Qf7 23. Bxd5 Qxd5 24. Qc4 Rd8 25. Nf1 Qxc4 26. Rxc4 c5 27. Rdc1 (27. Rd2 $16) 27... cxd4 $11 28. Rxd4 Rxd4 29. exd4 {KRN-KRN} Rd7 30. Rc4 Nb5 {The position is equal.} 31. d5 Rxd5 32. Rxe4 Kf7 33. g3 {Precision: White = 54%, Black = 43%.} 1/2-1/2

[Event "Tatry Open 2018"]
[Site "Tatranska Lomnica"]
[Date "2018.10.06"]
[Round "8"]
[White "Demeter, Peter"]
[Black "Bochnicka, Vladimir"]
[Result "1-0"]
[WhiteElo "2156"]
[BlackElo "2092"]
[Annotator "TA"]
[PlyCount "125"]
[EventDate "2018.09.30"]
[EventType "swiss"]
[EventCountry "SVK"]
[SourceTitle "playchess.com"]
[Source "ChessBase"]
[SourceQuality "1"]

{[%evp 9,125,-25,-16,-20,-19,-63,-16,-64,0,0,0,0,0,0,0,0,0,0,0,-6,0,0,0,0,0,0,180,188,188,183,222,214,215,218,228,225,230,220,243,222,222,219,213,201,225,181,208,212,320,191,187,168,261,258,287,270,335,292,357,353,345,358,349,347,335,241,241,239,239,237,237,227,230,230,231,231,229,220,225,227,250,252,450,443,458,512,519,512,512,502,476,450,497,456,559,415,1278,1252,1123,1075,875,977,888,721,695,670,5793,5723,5485,5361,5147,2358,5726,5802,4805,5197,2732,2318]} 1. b3 e5 2. Bb2 Nc6 3. g3 d5 4. Bg2 Nf6 5. d3 (5. e3 Be7 6. d3 Be6 7. Ne2 O-O 8. Nd2 a5 9. a3 Qd7 10. h3 d4 11. e4 g6 12. f4 exf4 13. gxf4 {½-½ (42) Kamsky,G (2762)-Grischuk,A (2764) Beijing 2012}) 5... Bb4+ 6. Nd2 {A01: Nimzowitsch-Larsen Opening} O-O 7. c3 Be7 8. c4 {The position is equal.} Re8 ({Black should try} 8... d4 $1 $15) 9. cxd5 $11 Nxd5 10. Ngf3 f6 11. O-O Be6 12. Rc1 $146 ({Predecessor:} 12. Qc1 Qd7 13. Rd1 {½-½ (74) Heinemann,E (2211)-Ljubarskij,J (2298) Germany 2008}) 12... Qd7 13. a3 a5 14. Ne4 Rad8 15. Nc5 Bxc5 $1 16. Rxc5 b6 17. Rc1 Nce7 $2 {[#]} (17... Bf7 $11 {and Black stays safe.}) 18. e4 $18 c5 {With the idea ...Nc7.} 19. exd5 Nxd5 20. Qc2 Ne7 21. Rfd1 Qb5 22. Nd2 {[%cal Bf3d2,Bd2f1,Bf1e3][%mdl 32]} Qxd3 23. Qxd3 Rxd3 24. Bf1 Rdd8 25. Bb5 Rf8 26. Bc4 Nd5 27. Nf1 Nc7 28. Ne3 b5 (28... g5 $142 29. a4 Kf7) 29. Bxe6+ (29. Rxd8 $142 Rxd8 30. Bf1) 29... Nxe6 30. a4 bxa4 (30... Rxd1+ $142 31. Rxd1 Nd4 32. axb5 Rb8) 31. bxa4 Rb8 32. Ba3 Rfc8 33. Rc3 Kf7 34. Rd7+ Ke8 35. Ra7 Ra8 36. Rxa8 Rxa8 37. Bxc5 Rc8 38. Bb4 Rxc3 39. Bxc3 Nc5 40. Bxa5 Nxa4 41. Kf1 Kf7 42. Ke2 Ke6 43. Bb4 Nb6 44. Kd3 f5 45. f3 {[%cal Bf2f3,Bf3g4][%mdl 32]} g5 $2 {[#]} (45... g6 46. Ba5 Nd7) 46. g4 fxg4 47. fxg4 Nd7 48. Ke4 Nf6+ 49. Kf3 Kf7 50. Bc3 e4+ 51. Kg3 Nd7 52. Bd4 Kg6 (52... Ke6 $142 53. h4 gxh4+ 54. Kxh4 Ne5) 53. Nc4 {White is clearly winning.} Nf8 54. Ne5+ Kh6 55. Be3 Ne6 56. h4 {[%cal Bh2h4,Bh4h5][%mdl 32]} Kg7 57. Bxg5 h6 58. Bc1 Kf6 59. Bb2 Kg7 60. Nf3+ Kg6 61. h5+ Kf7 62. Nd4 Ng7 63. Nf5 {Precision: White = 77%, Black = 43%.} 1-0